000 00531nam a22001457a 4500
999 _c534529
_d534529
020 _qHard Cover.
082 _a620.44
100 _aShah, Nasir
245 _aSynthesis, Characterization and Antimicrobial Properties of Poly(styrene-co-maleic anhydride) Coupled 4-Aminophenol /
_cNasir Shah.
260 _aIslamabad :
_bSCME - NUST,
_c2017.
942 _2ddc
_cTHE
650 _aMaterials and Surface Engineering - MS Thesis.
_916159
700 _aDr. Nasir M. Ahmad.
_928507